Missionary strategies. (Record no. 10164)

000 -LEADER
fixed length control field 00761nam a2200205 a 4500
001 - CONTROL NUMBER
control field :::00007949$&:&@@
003 - CONTROL NUMBER IDENTIFIER
control field OkBaRHE
005 - DATE AND TIME OF LATEST TRANSACTION
control field 20000607103340.0
008 - FIXED-LENGTH DATA ELEMENTS--GENERAL INFORMATION
fixed length control field j 000 0 eng u
040 ## - CATALOGING SOURCE
Transcribing agency
100 1# - MAIN ENTRY--PERSONAL NAME
Personal name Rhema Ministerial Association International.
245 10 - TITLE STATEMENT
Title Missionary strategies.
260 ## - PUBLICATION, DISTRIBUTION, ETC. (IMPRINT)
Place of publication, distribution, etc Broken Arrow, OK., : Rhema Bible Church, c1995.
300 ## - PHYSICAL DESCRIPTION
Extent 114 p. ;
Dimensions 27 cm.
650 ## - SUBJECT ADDED ENTRY--TOPICAL TERM
Topical term or geographic name as entry element Missions
942 ## - ADDED ENTRY ELEMENTS (KOHA)
Source of classification or shelving scheme
Koha item type Books
Copies
Lost status Shelving location Date acquired Copy number Withdrawn status Price effective from Koha item type Permanent Location Source of classification or shelving scheme Damaged status Not for loan Full call number Barcode Date last seen
 General Stacks2010-04-141 2010-04-14BooksRHEMA Bible Training College   BV 2063 .R4579492010-04-14
 General Stacks2010-04-142 2010-04-14BooksRHEMA Bible Training College   BV 2063 .R45168562010-04-14
 General Stacks2010-04-143 2010-04-14BooksRHEMA Bible Training College   BV 2063 .R45168572010-04-14